000 00302nam a22001337a 4500
008 170508b xxu||||| |||| 00| 0 eng d
020 _a9780071771818
041 _aeng
080 _23RD
_a34
100 _a15
101 _aSHJ
245 _aGENERAL AVIATION LAW
_cEICHENBERGER , J.A
942 _2udc
_cBK
999 _c13013
_d13013